| 000 | 01802cam a22003858i 4500 | ||
|---|---|---|---|
| 001 | 23244554 | ||
| 003 | OSt | ||
| 005 | 20250610094737.0 | ||
| 006 | m |o d | | ||
| 007 | cr_||||||||||| | ||
| 008 | 230724s2024 iau jo 001 0 eng | ||
| 010 | _a 2023024661 | ||
| 020 | _a9798219000195 | ||
| 040 |
_aDLC _beng _cDLC _erda |
||
| 042 | _apcc | ||
| 050 | 0 | 0 | _aHF5635 |
| 082 | 0 | 0 |
_a657 _bWIL/F |
| 100 | 1 |
_aWild, John J. _eauthor. _910572 |
|
| 245 | 1 | 0 |
_aFinancial accounting : _binformation for decisions / _cJohn J. Wild. |
| 250 | _a2024 | ||
| 263 | _a2312 | ||
| 264 | 1 |
_aIndia : _bMcGraw Hill Education, _c2024. |
|
| 300 | _a515 pages | ||
| 336 |
_atext _btxt _2rdacontent |
||
| 337 |
_acomputer _bc _2rdamedia |
||
| 338 |
_aonline resource _bcr _2rdacarrier |
||
| 500 | _aIncludes index. | ||
| 520 |
_a"Learning science reveals that students better learn and retain information when text is presented in a direct, concise, and systematic manner within a blocked format. Our new edition delivers the content you expect in fewer pages. Visual aids and numerous demonstration and Hint (guided example) videos offer additional learning aids. New summary Cheat Sheets conclude each chapter to visually reinforce key concepts and procedures, and they offer a link for students as they search for answers"-- _cProvided by publisher. |
||
| 521 |
_aAges 18+ _bMcGraw Hill LLC |
||
| 521 |
_aGrades 10-12 _bMcGraw Hill LLC |
||
| 588 | _aDescription based on print version record and CIP data provided by publisher; resource not viewed. | ||
| 650 | 0 | _aAccounting. | |
| 776 | 0 | 8 |
_iPrint version: _aWild, John J. _tFinancial accounting _b2024 release. _dDubuque, IA : McGraw Hill LLC, 2024 _z9781264127269 _w(DLC) 2023024660 |
| 942 |
_2ddc _cBK _h657 _iWIL/F _k657 _mWIL/F |
||
| 999 |
_c44469 _d44469 |
||